LEADER 01809nam 2200505 450 001 000005252 005 20050718115200.0 010 $a88-453-0229-6 100 $a20001205d1981----km-y0itay0103----ba 101 0 $aita 102 $aIT 200 1 $aAlgebra moderna$fFrank Ayres Jr. 205 $a1. ed. italiana 210 $aMilano$cETAS LIBRI$dc1981 215 $a243 p.$d27 cm. 225 1 $aCollana Schaum$iTeoria e problemi$v46 300 $aIn cop.: 425 problemi risolti 304 $aTit. orig.: Modern algebra 606 $aAlgebra 606 $aAlgebra$xEsercizi 676 $a512$9Algebra e teoria dei numeri$v(20. ed.) 676 $a512.076$v(20. ed.)$9Algebra e teoria dei numeri. Prontuari ed esercizi 700 1$aAyres,$bFrank$0110 801 0$aIT$bUniversità della Basilicata - B.I.A.$gRICA$2unimarc 912 $a000005252 996 $aModern algebra$927462 997 $aUNIBAS BAS $aMONSCI BAS $aMONOGR BAS $aSCIENZE CAT $aMEDURI$b01$c20000809$lBAS01$h1137 CAT $c20000920$lBAS01$h1833 CAT $c20001010$lBAS01$h1636 CAT $aTORRE$b20$c20001205$lBAS01$h1157 CAT $aTORRE$b20$c20010913$lBAS01$h1713 CAT $aTORRE$b20$c20010913$lBAS01$h1716 CAT $aTORRE$b20$c20011105$lBAS01$h1245 CAT $c20050601$lBAS01$h1753 CAT $abatch$b01$c20050718$lBAS01$h1048 CAT $c20050718$lBAS01$h1107 CAT $c20050718$lBAS01$h1137 CAT $c20050718$lBAS01$h1152 FMT Z30 -1$lBAS01$LBAS01$mBOOK$1BASA2$APolo Tecnico-Scientifico$2DID$BDidattica$3PTS.s1.p11.11$9SCI/297$6297$5S297$820000809$f98$FConsultazione Z30 -1$lBAS01$LBAS01$mBOOK$1BASA2$APolo Tecnico-Scientifico$2DID$BDidattica$3SCI/73484$9SCI/73484$673484$5S73484$820000809$f04$FPrestabile Didattica LEADER 02694nam 2200709Ia 450 001 9910454307203321 005 20200520144314.0 010 $a1-282-59335-8 010 $a9786612593352 010 $a0-7748-5558-4 035 $a(CKB)1000000000713940 035 $a(EBL)3255856 035 $a(SSID)ssj0000279830 035 $a(PQKBManifestationID)11210790 035 $a(PQKBTitleCode)TC0000279830 035 $a(PQKBWorkID)10268376 035 $a(PQKB)11048255 035 $a(SSID)ssj0000643778 035 $a(PQKBManifestationID)12248275 035 $a(PQKBTitleCode)TC0000643778 035 $a(PQKBWorkID)10667977 035 $a(PQKB)24622177 035 $a(CaBNvSL)slc00208522 035 $a(MiAaPQ)EBC3255856 035 $a(MiAaPQ)EBC3412552 035 $a(Au-PeEL)EBL3412552 035 $a(CaPaEBR)ebr10227188 035 $a(CaONFJC)MIL259335 035 $a(OCoLC)236350377 035 $a(EXLCZ)991000000000713940 100 $a20070319d2007 uy 0 101 0 $aeng 135 $aur|n|---||||| 181 $ctxt 182 $cc 183 $acr 200 10$aGenetically modified diplomacy$b[electronic resource] $ethe global politics of agricultural biotechnology and the environment /$fPeter Andre?e 210 $aVancouver $cUBC Press$dc2007 215 $a1 online resource (337 p.) 300 $aLimited edition of 500 copies. 311 $a0-7748-1269-9 311 $a0-7748-1268-0 320 $aIncludes bibliographical references (p. [295]-313) and index. 327 $aContents; Preface; Acknowledgments; Frequently Used Abbreviations; Introduction; 1 Theorizing International Environmental Diplomacy; 2 The Biotech Bloc; 3 The Ideational Politics of Genetic Engineering; 4 Biosafety as a Field of International Politics; 5 Staking Out Positions; 6 A Precautionary Protocol; 7 The Politics of Precaution in the Wake of the Cartagena Protocol; Notes; References; Index; A; B; C; D; E; F; G; H; I; J; K; L; M; N; O; P; R; S; T; U; V; W; Z 606 $aAgricultural biotechnology$xLaw and legislation 606 $aTransgenic organisms 606 $aEnvironmental law, International 606 $aPrecautionary principle 608 $aElectronic books. 615 0$aAgricultural biotechnology$xLaw and legislation. 615 0$aTransgenic organisms. 615 0$aEnvironmental law, International. 615 0$aPrecautionary principle. 676 $a343/.0786606 700 $aAndre?e$b Peter$f1970-$0906219 801 0$bMiAaPQ 801 1$bMiAaPQ 801 2$bMiAaPQ 906 $aBOOK 912 $a9910454307203321 996 $aGenetically modified diplomacy$92026806 997 $aUNINA